Introduction to instrumentation in life sciences / (Record no. 152513)

MARC details
000 -LEADER
fixed length control field 00819cam a2200241 a 4500
001 - CONTROL NUMBER
control field vtls003248166
003 - CONTROL NUMBER IDENTIFIER
control field MY-SjTCS
005 - DATE AND TIME OF LATEST TRANSACTION
control field 20200226115717.0
008 - FIXED-LENGTH DATA ELEMENTS--GENERAL INFORMATION
fixed length control field 121208s2013 flua b 001 0 eng
020 ## - INTERNATIONAL STANDARD BOOK NUMBER
International Standard Book Number 9781466512405 (pbk.)
020 ## - INTERNATIONAL STANDARD BOOK NUMBER
International Standard Book Number 1466512407 (pbk.)
039 #9 - LEVEL OF BIBLIOGRAPHIC CONTROL AND CODING DETAIL [OBSOLETE]
Level of rules in bibliographic description 201303280908
Level of effort used to assign nonsubject heading access points wilmina
-- 201212081229
-- malathy
082 00 - DEWEY DECIMAL CLASSIFICATION NUMBER
Classification number 570.284
Item number BIS 2013
100 1# - MAIN ENTRY--PERSONAL NAME
Personal name Bisen, Prakash S.
9 (RLIN) 67037
245 10 - TITLE STATEMENT
Title Introduction to instrumentation in life sciences /
Statement of responsibility, etc. Prakash S. Bisen, Anjana Sharma.
260 ## - PUBLICATION, DISTRIBUTION, ETC.
Place of publication, distribution, etc. Boca Raton :
Name of publisher, distributor, etc. CRC Press,
Date of publication, distribution, etc. c2013.
300 ## - PHYSICAL DESCRIPTION
Extent xix, 355 p. :
Other physical details ill. ;
Dimensions 26 cm.
504 ## - BIBLIOGRAPHY, ETC. NOTE
Bibliography, etc. note Includes bibliographical references and index.
650 #0 - SUBJECT ADDED ENTRY--TOPICAL TERM
Topical term or geographic name entry element Biological apparatus and supplies.
9 (RLIN) 67038
650 #0 - SUBJECT ADDED ENTRY--TOPICAL TERM
Topical term or geographic name entry element Life sciences
General subdivision Research.
700 1# - ADDED ENTRY--PERSONAL NAME
Personal name Sharma, Anjana.
9 (RLIN) 67039
920 ## - Programme
Programme BMS : 192749
Holdings
Withdrawn status Lost status Source of classification or shelving scheme Damaged status Not for loan Home library Current library Date acquired Cost, normal purchase price Total Checkouts Barcode Date last seen Copy number Cost, replacement price Koha item type Public note
    Dewey Decimal Classification     Taylor's Library-TU Taylor's Library-TU 27/03/2013 257.45   5000145878 05/12/2019 1 257.45 Main Collection SBSxx,36100,03,CL